000 00531nam a22001937a 4500
003 MPLRDC
005 20220104144127.0
008 210129b ||||| |||| 00| 0 eng d
020 _a986-185-153-2
082 _a411.71 ZF
100 _a主妇与生活社; 上村太一监修
245 _a不可思议ㄋㄟ!
_c赖庭筠译
250 _a初版
260 _a台湾
_b高宝国际有限公司台湾分公司
_c2008
300 _b95
490 _a生活医馆. HD048
650 _a运动与健康
942 _cBK
_o411.71 ZF
999 _c46633
_d46623